01099nam a2200253Ia 4500003000900000008004100009020001800050040001600068080002200084111009700106245021100203260004200414300001500456490002600471650004600497650003800543650004900581650003700630700002500667700003300692942000700725999001500732952009800747IN-BaIIA211028s9999 xx 000 0 eng d a90-277-0365-5 cIIA Library a082.2:52bIAU-S54 aInternational Astronomical Union Symposiumn54thcGeneva, Switzerlandd1972 Sep. 12-1597869 0aProblems of calibration of absolute magnitudes and temperature of starsbproceedings of the IAU symposium, no. 54, held in Geneva, Switzerland, September 12-15, 1972cedited by B. Hauck and B. E. Westerlund aDordrechtbD. Reidel Publishingc1973 avii, 304p. aIAU Symposium; no. 54 a Absolute magnitudes calibration 97870 a Temperature calibration 97871 aAstronomy and Astrophysics Thesaurus 91143 aHigh temperature physics 97872 aHauck, B., ed.97873 aWesterlund, B. E., ed.97708 cBK c4498d4498 00104070aBANbBANcGENd1974-09-18l0o082.2:52/ IAU-S54p5023r2021-11-05w1974-09-18yBK